000 00204nam a2200073Ia 4500
008 170524s9999 xx 000 0 und d
100 _aSRIVASTAVA- RM
245 0 _aMANAGEMANT OF INDIAN FINANCIAL INSTITUTION
260 _bHIMALYA PUB. HOUSE
999 _c8127
_d8127